00000000nam##2200000za#4500
0019.620793
003CaOODSP
00520220107134005
007ta
008150406|1992||||xxc|||||     f|0| 0 fre|d
020 |a0-662-98108-1
040 |aCaOODSP|bfre
043 |an-cn---
0861 |aH72-22/9-1993F
1102 |aCentre national d'information sur la violence dans la famille (Canada)
24513|aLa violence familiale à l'egard des femmes handicapées / |cPréparé par Bridget Rivers-Moore et al.
260 |aOttawa - Ontario : |bSanté et Bien-être social Canada. |c1992.
300 |a8p. : |bréférences ; |c28 cm.
4901 |aRenseignements du Centre national d'information sur la violence dans la famille
563 |aCouverture souple
590 |a93-13|b1993-04-02
69107|aViolence familiale|2gcpds
69107|aViolence faite aux femmes|2gcpds
69107|aPersonne handicapée|2gcpds
7201 |aRivers-Moore, Bridget
7760#|tLa violence familiale à l'égard des femmes handicapées / |w(CaOODSP)9.603152
830#0|aRenseignements du Centre national d'information sur la violence dans la famille.|w(CaOODSP)9.513100